000 00527 a2200169 4500
999 _c9499
_d9499
020 _a0702108499 (v. 4)
020 _a0702108502 (pbk. : v. 4)
050 0 0 _aKF 9201 DUG 1977
245 0 0 _aSouth African criminal law and procedure :
_bVol. IV introduction to criminal procedure /
_cJohn Dugard.
264 _aCape Town :
_bJuta and co,
_c1977.
300 _a328p.:
500 _aincludes index.
650 0 _aCriminal law
650 0 _aCriminal procedure
942 _2lcc
_cBK
_h9201
_iDUG
_kKF